| 000 | 00584nam a2200217 a 4500 | ||
|---|---|---|---|
| 001 | 00012448 | ||
| 008 | 110328s1996 nyua g 000 0 eng d | ||
| 020 | _a0070536678 | ||
| 040 |
_aBD-DhIUB _cBD-DhIUB |
||
| 082 | 0 | 4 |
_a339 _219 |
| 100 | 1 | _aRomer, David | |
| 245 | 0 | 0 |
_aAdvanced Macroeconomics / _cDavid Romer |
| 250 | _a1st ed. | ||
| 260 |
_aNew York : _bMcGraw-Hil Companies, Inc, _c1996. |
||
| 300 |
_axix, 540p. : _billus ; _c24cm |
||
| 520 | 0 | _aEconomics | |
| 556 | _a2009\02\01 | ||
| 650 | 1 | 7 |
_aMacroeconomics _2Spines |
| 999 |
_c1600 _d1600 |
||
| 526 | _becn | ||